| 000 | 00847cam a2200253 a 4500 | ||
|---|---|---|---|
| 001 | 000008958 | ||
| 005 | 20200929161441.0 | ||
| 008 | 771031s1994 sp 001 p spa | ||
| 020 | _a8420612502 | ||
| 040 |
_aDO-SdBNP _cDLC _dDLC |
||
| 082 |
_a861.6 _bG958ó |
||
| 100 | 1 |
_aGuillén, Jorge, _d1893-1984 _911982 |
|
| 245 | 1 | 0 |
_aObra poética : _bantología / _cJorge Guillén ; prólogo, Joaquín Casalduero. |
| 260 |
_aMadrid : _bAlianza, _c1994. |
||
| 300 |
_a234 p. ; _c19 cm. |
||
| 490 | 1 |
_aEl Libro de Bolsillo _aLiteratura _v250 |
|
| 500 | _aOctava reimpresión | ||
| 650 | 4 |
_aPoesía española _9631 |
|
| 650 | 4 |
_aLiteratura española _9632 |
|
| 650 | 4 |
_aPoesía _xColecciones _99729 |
|
| 700 | 1 |
_aCasalduero, Joaquín, _epról. _915661 |
|
| 830 | 0 |
_aEl Libro de Bolsillo , _pLiteratura ; _v250 _923550 |
|
| 910 | _aCatalogación por copia / LC | ||
| 999 |
_c8722 _d8722 |
||